000 01084nam a2200277 i 4500
001 183348
003 ES-MaACL
005 20250809042457.0
008 140327s2012 sp |||| | spa d
020 _a978-84-940357-1-5
080 _a342.7
245 0 0 _aDerechos humanos
_b: nuevos espacios de representación /
_cGraciano González R. Arnaiz (ed.).
250 _a1ª ed.
260 _aMadrid :
_bEscolar y Mayo,
_c2012.
300 _a198 p. ;
_c23 cm.
490 1 _aColección de análisis y crítica
500 _aLibro homenaje a Juan Miguel Palacios García y a Manuel Sánchez Cuesta.
504 _aReferencias bibliográficas.
650 0 7 _aDerechos humanos
_2embne
_911770
700 1 _aGonzález R. Arnáiz, Graciano
_958895
830 0 _aColección de análisis y crítica
_9224974
852 _aES-MaACL
_jA-13088
_9190287
_bR.149936
_cDEPO1
_dOlim: N-6088
_hDonación: Graciano González R. Arnaiz
_gDedicatoria autógrafa del editor
903 _aGonzález R. Arnáiz, Graciano
_ednr
_958895
942 _2udc
_cMONOGRAFIA
999 _c183348
_d183348